000 00606nam a2200217 a 4500
005 20140310183349.0
008 070208s19uu xx 00 eng d
020 _a0781746116
050 _aRB 40
_b.C576 2005
100 _aBishop, Michael L.
245 _aClinical Chemistry :
_bprinciples, procedures, correlations.
250 _a5th ed.
260 _aPhiladelphia :
_bLippincott Williams&Wilkins,
_c2005.
300 _a730 p. :
_bill. ;
_c28 cm.
521 _aNUR
650 _aChemistry.
700 _aFody, Edward P.
700 _aSchoeff, Larry E.
942 _cBK
_2lcc
_kFOR
999 _c22030
_d22030